| 000 | 00846nam a22002177a 4500 | ||
|---|---|---|---|
| 005 | 20230503153841.0 | ||
| 008 | 211022b ||||| |||| 00| 0 eng d | ||
| 040 | _cAL | ||
| 041 | _akan | ||
| 082 |
_223 _aT894.1 _bCHIK |
||
| 100 |
_aK Chinnappa Gowda: ಕೆ ಚಿನ್ನಪ್ಪ ಗೌಡ _91576 |
||
| 245 | _aKelepu Perade Kelepu: ಕೆಲೆಪು ಪೆರಡೆ ಕೆಲೆಪು | ||
| 260 |
_aAsaigoli _bMadipu Prakashana _c2020 |
||
| 300 |
_a96 p. _bPB _c18x12 cm |
||
| 365 |
_a0104 _b76.50 _c₹ _d90.00 _e15% _f11-10-2021 |
||
| 650 |
_aTulu Poetry: ತುಳು ಕವನ _91577 |
||
| 650 |
_aTulu Literature: ತುಳು ಸಾಹಿತ್ಯ _91578 |
||
| 650 |
_aKavana Sankalana: ಕವನ ಸಂಕಲನ _91579 |
||
| 700 |
_aGOWDA (K Chinnappa); ಗೌಡ (ಕೆ ಚಿನ್ನಪ್ಪ) _91580 |
||
| 942 |
_2ddc _cBK |
||
| 999 |
_c216652 _d216652 |
||